Ethics or moral philosophy / (Record no. 575)
[ view plain ]
| 000 -LEADER | |
|---|---|
| fixed length control field | 00600nam a22001937a 4500 |
| 005 - DATE AND TIME OF LATEST TRANSACTION | |
| control field | 20230617025148.0 |
| 008 - FIXED-LENGTH DATA ELEMENTS--GENERAL INFORMATION | |
| fixed length control field | 230118b |||||||| |||| 00| 0 eng d |
| 020 ## - INTERNATIONAL STANDARD BOOK NUMBER | |
| International Standard Book Number | 97189-5906-8 |
| 082 ## - DEWEY DECIMAL CLASSIFICATION NUMBER | |
| Classification number | Fil. 70 P193 1964 |
| 100 ## - MAIN ENTRY--PERSONAL NAME | |
| Personal name | Panizo, Alfredo |
| Relator term | author |
| 245 ## - TITLE STATEMENT | |
| Title | Ethics or moral philosophy / |
| Statement of responsibility, etc. | Alfredo Panizo |
| 260 ## - PUBLICATION, DISTRIBUTION, ETC. | |
| Place of publication, distribution, etc. | Quezon City: |
| Name of publisher, distributor, etc. | PPP, |
| Date of publication, distribution, etc. | c1964. |
| 300 ## - PHYSICAL DESCRIPTION | |
| Extent | ix. 230p. |
| 490 ## - SERIES STATEMENT | |
| Series statement | UST Textbook series |
| 504 ## - BIBLIOGRAPHY, ETC. NOTE | |
| Bibliography, etc. note | Includes bibliographies |
| 541 ## - IMMEDIATE SOURCE OF ACQUISITION NOTE | |
| Accession number | 2779 c.1, 2780 c.2, 2781 c.3, 2782 c.4, 2783 c.5, 2784 c.6, 3543 c.7, 3544 c.8 |
| 650 ## - SUBJECT ADDED ENTRY--TOPICAL TERM | |
| Topical term or geographic name entry element | Ethics |
| 650 ## - SUBJECT ADDED ENTRY--TOPICAL TERM | |
| Topical term or geographic name entry element | Moral education |
| Withdrawn status | Lost status | Source of classification or shelving scheme | Damaged status | Not for loan | Home library | Current library | Date acquired | Total Checkouts | Full call number | Barcode | Date last seen | Copy number | Price effective from | Koha item type | Date last checked out |
|---|---|---|---|---|---|---|---|---|---|---|---|---|---|---|---|
| Dewey Decimal Classification | ctu-moalboal | ctu-moalboal | 01/17/2012 | Fil. 70 P193 1964 | 2779 | 01/18/2023 | 1 | 01/18/2023 | Books-Filipiniana | ||||||
| Dewey Decimal Classification | ctu-moalboal | ctu-moalboal | 01/17/2012 | 3 | Fil. 70 P193 1964 | 2780 | 01/20/2026 | 2 | 01/18/2023 | Books-Filipiniana | 01/20/2026 | ||||
| Dewey Decimal Classification | ctu-moalboal | ctu-moalboal | 01/17/2012 | Fil. 70 P193 1964 | 2781 | 01/20/2026 | 3 | 01/18/2023 | Books-Filipiniana | ||||||
| Dewey Decimal Classification | ctu-moalboal | ctu-moalboal | 01/17/2012 | Fil. 70 P193 1964 | 2782 | 01/18/2023 | 4 | 01/18/2023 | Books-Filipiniana | ||||||
| Dewey Decimal Classification | ctu-moalboal | ctu-moalboal | 01/17/2012 | Fil. 70 P193 1964 | 2783 | 01/18/2023 | 5 | 01/18/2023 | Books-Filipiniana | ||||||
| Dewey Decimal Classification | ctu-moalboal | ctu-moalboal | 01/17/2012 | 1 | Fil. 70 P193 1964 | 2784 | 01/16/2026 | 6 | 01/18/2023 | Books-Filipiniana | 01/16/2026 | ||||
| Dewey Decimal Classification | ctu-moalboal | ctu-moalboal | 01/29/2014 | Fil. 70 P193 1964 | 3543 | 01/18/2023 | 7 | 01/18/2023 | Books-Filipiniana | ||||||
| Dewey Decimal Classification | ctu-moalboal | ctu-moalboal | 01/29/2014 | 1 | Fil. 70 P193 1964 | 3544 | 08/22/2025 | 8 | 01/18/2023 | Books-Filipiniana | 03/22/2023 |